Geometry, a metric approach with models

Saved in:
Bibliographic Details
Main Author: Millman, Richard S. 1945-
Other Authors: Parker, George D. 1945-
Format: Book
Language:English
Published: New York : Springer-Verlag, c1981
Series:Undergraduate texts in mathematics
Subjects:
Tags: Add Tag
No Tags, Be the first to tag this record!

MARC

LEADER 00000cam a2200000 i 4500
001 1/30783
008 941103s1981 eng d
020 |a 038790610X 
035 |l 10038659 
035 |a 1988 
040 |a GR-MY-UA  |b gre  |e aacr 
041 0 |a eng 
082 0 |a 516.1  |2 (19) 
100 1 |a Millman, Richard S.  |d 1945- 
245 1 0 |a Geometry, a metric approach with models /  |c Richard S. Millman, George D. Parker 
260 |a New York :   |b Springer-Verlag,   |c c1981 
300 |a x, 355 p.;  |b ill.;  |c 24 cm 
490 1 |a Undergraduate texts in mathematics 
500 |a Includes index 
504 |a Bibliography: p. 344-345 
650 0 0 |a Geometry. 
700 1 |a Parker, George D.  |d 1945- 
830 0 |a Undergraduate texts in mathematics 
852 |a INST  |b SAMOS  |e 19941103  |h 516.1 MIL  |p 005300001249  |q 005300001249  |t BK  |y 0 
909 |a Σ  |b 009284